Statistics for Largest Cities Containing 'N'

Click here to take the quiz!

General Stats

  • This quiz has been taken 176 times
  • The average score is 17 of 20

Answer Stats

PopulationCountryCity% Correct
15,800,000ArgentinaBuenos Aires
99%
14,400,000United KingdomLondon
99%
22,000,000United StatesNew York City
99%
14,300,000TurkeyIstanbul
98%
23,300,000PhilippinesManila
97%
13,700,000IranTehran
97%
16,900,000ThailandBangkok
96%
13,400,000South AfricaJohannesburg
96%
12,700,000BrazilRio de Janeiro
96%
30,900,000ChinaShanghai
96%
17,600,000United StatesLos Angeles
95%
21,100,000ChinaBeijing
94%
10,600,000DR CongoKinshasa
90%
47,700,000ChinaGuangzhou
86%
10,500,000IndiaBengaluru
75%
10,000,000IndiaChennai
75%
10,400,000JapanNagoya
68%
11,400,000ChinaTianjin
64%
10,000,000ChinaXiamen
56%
9,600,000ChinaChengdu
55%

Score Distribution

Percentile by Number Answered

Percent of People with Each Score

Your Score History

You have not taken this quiz